| 000 | 00976cab a2200277 4500 | ||
|---|---|---|---|
| 001 | ABS54234 | ||
| 008 | 090401t1995 xxu||||| |||| 00| 0 eng d | ||
| 035 | _a(Sirsi) u9171 | ||
| 041 | _aeng | ||
| 100 | _aCare, A. | ||
| 245 | _aOf sheep dips, pesticides and damages for personal injuries | ||
| 260 | _c1995 | ||
| 350 | _a0 | ||
| 490 |
_aSolicitors` Journal _v139(48) 15 December 1995, 1250-1251(2) |
||
| 520 | _aExamines the issues involved in claiming for damages in sheep dip poisoning cases. Refers to a test case High Court claim, why lawyers are reluctant to take on cases, damages, funding and whether the government can be held responsible. Explains what OPs are. | ||
| 650 | _aLITIGATION | ||
| 650 | _aORGANOPHOSPHOROUS PESTICIDES | ||
| 650 | _aPERSONAL INJURY | ||
| 650 | _aPESTICIDES | ||
| 650 | _aSHEEP DIP POISONING | ||
| 650 | _aSHEEP FARMERS | ||
| 650 | _aTEST CASE | ||
| 690 | _aRURAL PRACTICE-CASE LAW | ||
| 942 | _n0 | ||
| 948 | _c04/03/1997 | ||
| 999 |
_c5690 _d5690 |
||